Načítá se...

Al Muslimoon fil hind

Podrobná bibliografie
Médium: Printed Book
Vydáno: Lucknow: Majmahul Islami Ulama, 1998
Témata:
LEADER 00361nam a22001097a 4500
082 |a A954  |b ABD/A 
245 |a Al Muslimoon fil hind 
260 |a Lucknow:  |b Majmahul Islami Ulama,  |c 1998 
650 |a India- History 
942 |c BK 
999 |c 42813  |d 42813 
952 |0 0  |1 0  |4 0  |6 A_954_000000000000000_ABDA  |7 0  |8 Stack  |9 46684  |a KUCL  |b KUCL  |c A  |d 2016-12-03  |l 0  |o A954 ABD/A  |p 424131  |r 2017-02-14  |y BK